Essentials of organization theory and design / (Record no. 3534)

000 -LEADER
fixed length control field 00862pam a2200265 a 4500
001 - CONTROL NUMBER
control field 3542110
003 - CONTROL NUMBER IDENTIFIER
control field OSt
005 - DATE AND TIME OF LATEST TRANSACTION
control field 20161013124020.0
008 - FIXED-LENGTH DATA ELEMENTS--GENERAL INFORMATION
fixed length control field 970311s1998 ohua 001 0 eng
010 ## - LIBRARY OF CONGRESS CONTROL NUMBER
LC control number 97011016
020 ## - INTERNATIONAL STANDARD BOOK NUMBER
International Standard Book Number 0538879270 (alk. paper)
040 ## - CATALOGING SOURCE
Original cataloging agency DLC
Transcribing agency DLC
Modifying agency DLC
050 00 - LIBRARY OF CONGRESS CALL NUMBER
Classification number HD31.D132 1998
082 00 - DEWEY DECIMAL CLASSIFICATION NUMBER
Classification number 658.1
Edition number 21
100 1# - MAIN ENTRY--PERSONAL NAME
Personal name Daft, Richard L.
245 10 - TITLE STATEMENT
Title Essentials of organization theory and design /
Statement of responsibility, etc Richard L. Daft.
260 ## - PUBLICATION, DISTRIBUTION, ETC. (IMPRINT)
Place of publication, distribution, etc Cincinnati, Ohio :
Name of publisher, distributor, etc South-Western College Publishing,
Date of publication, distribution, etc c1998.
300 ## - PHYSICAL DESCRIPTION
Extent xi, 379 p. :
Other physical details ill. ;
Dimensions 26 cm.
504 ## - BIBLIOGRAPHY, ETC. NOTE
Bibliography, etc Includes indexes.
650 #0 - SUBJECT ADDED ENTRY--TOPICAL TERM
Topical term or geographic name as entry element Organization.
650 #0 - SUBJECT ADDED ENTRY--TOPICAL TERM
Topical term or geographic name as entry element Organizational effectiveness.
906 ## - LOCAL DATA ELEMENT F, LDF (RLIN)
a 7
b cbc
c orignew
d 1
e ocip
f 19
g y-gencatlg
942 ## - ADDED ENTRY ELEMENTS (KOHA)
Source of classification or shelving scheme
Koha item type Book
Holdings
Withdrawn status Lost status Source of classification or shelving scheme Damaged status Not for loan Home library Current library Shelving location Date acquired Total Checkouts Full call number Barcode Date last seen Copy number Price effective from Koha item type
          Riara University Library Riara University Library General stack 13/10/2016   HD31.D132 1998 7214/16 13/10/2016 C.1 13/10/2016 Book

Riara University Library,
P.O. Box 49940-00100,
Nairobi, Kenya.